00953nam a2200253Ia 450000500170000000800410001702000190005808200200007710000280009724501100012525000390023530000420027449000190031650501200033565000290045570000320048494200120051626400330052833600270056133700330058833800280062104000350064999900150068420220317001136.0160825s2009 ck a g 000 0 spa  a9789583010801204a745.1028 bQ83f1 aQuintero Ovalle, Zandra10aFlores frescas para el matrimonio ; Decorando utensilios para la casacRedacción Zandra Quintero Ovalle a1a. edición b1a. reimpresión  a18 páginas bilustraciones c21 cm  aManos maestras aRamo de novia ; Flores en la iglesia ; Centro de mesa ; Bandeja con tulipanes ; Jarra y cubiertero ; Balde y frutas142LEMBaArreglos Florales 1 aGonzález, Jorge H.966710 2ddccBK aBogotábPanamericanac2009 atextobtxt2rdacontent asin mediaciónbn2rdamedia avolumenbnc2rdacarrier aCO-BoRNBPbspaerdacCO-BoRNBP c6053d6053